|
|
|
|
| LEADER |
02055nam a22004695i 4500 |
| 001 |
978-3-540-31476-9 |
| 003 |
DE-He213 |
| 005 |
20151116132541.0 |
| 007 |
cr nn 008mamaa |
| 008 |
100806s2005 gw | s |||| 0|eng d |
| 020 |
|
|
|a 9783540314769
|9 978-3-540-31476-9
|
| 024 |
7 |
|
|a 10.1007/b93169
|2 doi
|
| 040 |
|
|
|d GrThAP
|
| 050 |
|
4 |
|a QD415-436
|
| 072 |
|
7 |
|a PNN
|2 bicssc
|
| 072 |
|
7 |
|a SCI013040
|2 bisacsh
|
| 082 |
0 |
4 |
|a 547
|2 23
|
| 100 |
1 |
|
|a Mulzer, J.
|e author.
|
| 245 |
1 |
0 |
|a Natural Product Synthesis I
|h [electronic resource] :
|b Targets, Methods, Concepts /
|c by J. Mulzer.
|
| 264 |
|
1 |
|a Berlin, Heidelberg :
|b Springer Berlin Heidelberg,
|c 2005.
|
| 300 |
|
|
|a X, 239 p.
|b online resource.
|
| 336 |
|
|
|a text
|b txt
|2 rdacontent
|
| 337 |
|
|
|a computer
|b c
|2 rdamedia
|
| 338 |
|
|
|a online resource
|b cr
|2 rdacarrier
|
| 347 |
|
|
|a text file
|b PDF
|2 rda
|
| 490 |
1 |
|
|a Topics in Current Chemistry,
|x 0340-1022 ;
|v 243
|
| 505 |
0 |
|
|a B. Basler, S. Brandes, A. Spiegel and T. Bach: Total Synthesis of Kalsoene and Preussin -- R. Bandichhor, B. Nosse and O. Reiser: Paraconic Acids - the Natural Products from Lichen Symbiont -- M. Hiersemann and H. Helmboldt: Recent Progress in the Total Synthesis of Dolabellane and Dolastane Diterpenes -- L.A. Wessjohann and E. Ruijter: Strategies for Total and Diversity-Oriented Synthesis of Natural Product (-Like) Macrolides -- M. Sefkow: Enantioselective Synthesis of C(8)-Hydroxylated Lignans: Early Approaches and Recent Advances.
|
| 650 |
|
0 |
|a Chemistry.
|
| 650 |
|
0 |
|a Pharmacy.
|
| 650 |
|
0 |
|a Organic chemistry.
|
| 650 |
|
0 |
|a Plant biochemistry.
|
| 650 |
1 |
4 |
|a Chemistry.
|
| 650 |
2 |
4 |
|a Organic Chemistry.
|
| 650 |
2 |
4 |
|a Pharmacy.
|
| 650 |
2 |
4 |
|a Plant Biochemistry.
|
| 710 |
2 |
|
|a SpringerLink (Online service)
|
| 773 |
0 |
|
|t Springer eBooks
|
| 776 |
0 |
8 |
|i Printed edition:
|z 9783540211259
|
| 830 |
|
0 |
|a Topics in Current Chemistry,
|x 0340-1022 ;
|v 243
|
| 856 |
4 |
0 |
|u http://dx.doi.org/10.1007/b93169
|z Full Text via HEAL-Link
|
| 912 |
|
|
|a ZDB-2-CMS
|
| 950 |
|
|
|a Chemistry and Materials Science (Springer-11644)
|